| 000 | 00431nam a2200169Ia 4500 | ||
|---|---|---|---|
| 008 | 210719s1969 xx 000 0 und d | ||
| 041 | _akan | ||
| 082 | _a294.5513K MALV | ||
| 100 | _aMALLAPPA (Ti En) | ||
| 245 | _aVirashaivada ugama mattu pragati | ||
| 260 |
_aBengaluru _c1969 |
||
| 300 |
_axxvi,234 _bPB |
||
| 365 |
_b5 _cRs |
||
| 650 | _aHinduism | ||
| 650 | _aReligion | ||
| 906 | _amattu ; pragati ; ugama ; Virashaivada | ||
| 999 |
_c213098 _d213098 |
||